| 000 | 00838nam a2200265 4500 | ||
|---|---|---|---|
| 003 | OSt | ||
| 005 | 20260601193900.0 | ||
| 008 | 260506b1967 mx |||| |||| 00| 0 spa d | ||
| 040 |
_aICI _bspa _cICI |
||
| 041 | _aspa | ||
| 050 |
_aHD30.213 _bB37 1967 |
||
| 100 | 1 |
_a Barrios R., Jesús D., _eautor _933743 |
|
| 245 |
_aSistemas y procedimientos: _bnociones para su estudio / _cJesús D. Barrios R. |
||
| 264 |
_aMéxico: _beditorial Roble, _c1967 |
||
| 300 | _a195 páginas | ||
| 336 |
_2rdacontent _atexto |
||
| 337 |
_2rdamedia _asin medio |
||
| 338 |
_2rdacarrier _avolumen |
||
| 650 | _aAdministración de empresas | ||
| 650 |
_aSistemas administrativos. _933745 |
||
| 650 |
_aProcedimientos administrativos _933746 |
||
| 650 |
_aOrganización industrial _933747 |
||
| 650 |
_aManuales administrativos _933748 |
||
| 942 |
_2lcc _cB _n1 |
||
| 999 |
_c22210 _d22210 |
||